Reliez les paroles des chansons de Claude François à son titre - Statistiques

Statistiques générales
  • Ce quiz a été pris 891 fois
    307 depuis la dernière actualisation
  • Le résultat moyen est 11 sur 15
Statistiques - réponses
Hint Réponse % Correct
"Voile sur les filles, barques sur le Nil, je suis dans ta vie, je suis dans tes bras" Alexandrie Alexandra
97%
"Je chantais pour la première fois, le public ne me connaissait pas" Cette année-là
95%
"Je me lève et je te bouscule, tu ne te réveilles pas" Comme d'habitude
95%
"Chaque fois c'est pareil, c'est quand on est derrière les carreaux, quand on travaille que le ciel est beau" Le lundi au soleil
85%
"Raconte-moi comment est ta maison ? Apprends-tu bien chaque soir toutes tes leçons ?" Le téléphone pleure
84%
"Je cognerais le jour, je cognerais la nuit, j'y mettrais tout mon cœur, je bâtirais une ferme" Si j’avais un marteau
83%
"Un jour, mon père me dit : Fiston, j'te vois sortir le soir à ton âge, il y a des choses qu'un garçon doit savoir" Belles Belles Belles
78%
"Dites-lui que je suis comme elle, que j'aime toujours les chansons qui parlent d'amour et d'hirondelles, de chagrin, de vent, et de frissons" Magnolias for Ever
67%
"Il faut que je vous chante pour oublier une étoile filante qui m'a quitté, vous pouvez m'aidez à la trouver" Bélinda
65%
"La pendule de l'entrée s'est arrêtée sur midi, à ce moment très précis où tu m'as dit je vais partir, et puis tu es partie" Chanson populaire (Ça s'en va et ça revient)
60%
"Tu m'entraînes dans la foule d'une fête qui déroule ses ailes, ses dentelles, et je suis riche de rêves" Je vais à Rio
57%
"Et je me demande si tu existes encore, et je me demande si ton coeur est au nord, si tu fais l'amour le soir quand tu t'endors" Le chanteur malheureux
54%
"Tout le monde me demande si je t'aime encore et si je pense encore à toi, ils me demandent de parler de mon cœur, c'est triste depuis de long mois" J'y pense et puis j'oublie
46%
"Ça faisait si longtemps que je n'entendais plus ta voix, ça faisait si longtemps... dis, comment ça va ?" Je viens dîner ce soir
43%
"Ces mots-là, ça parait trop simple mais ils sont vrais et puis c'est mon histoire" C’est la même chanson
39%
Aucun quiz correspondant
Distribution des résultats
% des personnes avec chaque résultat
Percentile par nombre de réponses
Votre historique - résultats
Vous n’avez pas pris ce quiz depuis la dernière actualisation